000 00413nab a2200145Ia 4500
003 ES-SlBCS
005 20210601124300.0
008 140529s1949 xxu||||| |||| 00| 0 eng d
041 _aeng
100 1 _aO'brien, Chrysostom
_9139054
245 0 0 _aLove Without Measure
_c Chrysostom O'Brien
650 0 4 _aAmor-Navidad
_9139055
773 0 _tDominicana
_gvol. 49, nº. 4, 1949, págs. 287-292
_wRev1398
942 _cAR
999 _c512259
_d512259